| 000 | 00417nam a2200145Ia 4500 | ||
|---|---|---|---|
| 008 | 230312s9999||||xx |||||||||||||| ||und|| | ||
| 020 | _a0-8058-3390-0 | ||
| 082 |
_a629.134 _bPRI |
||
| 245 | 0 | _aPrinciples and Practice of Aviation Psychology | |
| 260 |
_bLawrence Erlbraum Associates _aUSA _c2003 |
||
| 300 | _a595 | ||
| 546 | _aEng. | ||
| 650 |
_aAviation _vPrinciples and practice of Aviation PSYCHOLOGY |
||
| 942 | _cBK | ||
| 999 |
_c6866 _d6866 |
||